[Event "CRO-chT1A 29th"]
[Site "Mali Losinj"]
[Date "2021.09.30"]
[Round "6.3"]
[White "Zivkovic, Vjekoslav"]
[Black "Kuljasevic, Davorin"]
[Result "1/2-1/2"]
[WhiteElo "2366"]
[BlackElo "2562"]
[PlyCount "57"]
[EventDate "2021.09.25"]
[EventType "team-tourn"]
[EventRounds "9"]
[EventCountry "CRO"]
[SourceTitle "CBM 204 Extra"]
[Source "ChessBase"]
[SourceDate "2021.11.30"]
[SourceVersion "1"]
[SourceVersionDate "2021.11.30"]
[SourceQuality "1"]
[WhiteTeam "Osijek Ferit"]
[BlackTeam "Rijeka Liburnija"]
[WhiteTeamCountry "CRO"]
[BlackTeamCountry "CRO"]

1. e4 c5 2. Nf3 e6 3. b3 b6 4. Bb2 Bb7 5. Nc3 Nc6 6. g3 Nf6 7. Bg2 Be7 8. 0-0 0-0 9. d4 cxd4 10. Nxd4 Nxd4 11. Qxd4 d6 12. Rad1 a6 13. Nb1 b5 14. Ba3 e5 15. Qe3 a5 16. c4 b4 17. Bb2 Qc7 18. a4 bxa3 19. Nxa3 Bc6 20. c5 dxc5 21. Nc4 Nd7 22. Bh3 Rfd8 23. Bxd7 Rxd7 24. Bxe5 Qb7 25. Rxd7 Bxd7 26. Ra1 a4 27. bxa4 Rxa4 28. Rxa4 Bxa4 29. Bd6 1/2-1/2

[Event "CRO-chT1A 28th"]
[Site "Mali Losinj"]
[Date "2019.10.04"]
[Round "7.54"]
[White "Zivkovic, Vjekoslav"]
[Black "Kuljasevic, Davorin"]
[Result "1/2-1/2"]
[WhiteElo "2362"]
[BlackElo "2550"]
[PlyCount "180"]
[EventDate "2019.09.28"]
[EventType "team-tourn"]
[EventRounds "9"]
[EventCountry "CRO"]
[SourceTitle "EXT 2020"]
[Source "ChessBase"]
[SourceDate "2019.10.17"]
[SourceVersion "1"]
[SourceVersionDate "2019.10.17"]
[SourceQuality "1"]
[WhiteTeam "Osijek Ferit"]
[BlackTeam "Rijeka Liburnija"]
[WhiteTeamCountry "CRO"]
[BlackTeamCountry "CRO"]

1. e4 e5 2. Nf3 Nc6 3. Bb5 a6 4. Ba4 Nf6 5. d3 d6 6. c3 g6 7. 0-0 Bg7 8. Re1 0-0 9. Nbd2 Re8 10. Nf1 b5 11. Bc2 Nb8 12. a4 Bb7 13. axb5 axb5 14. Rxa8 Bxa8 15. Ng3 c5 16. d4 Nbd7 17. d5 c4 18. h3 Nc5 19. Be3 Bb7 20. Nd2 Qc7 21. Nb1 Bc8 22. Na3 Bd7 23. Qd2 h5 24. f3 Nh7 25. Kh2 Qd8 26. Qf2 Qe7 27. Rd1 Rc8 28. Kh1 Bf6 29. Nf1 h4 30. Ra1 Bg5 31. Nb1 Bxe3 32. Nxe3 Qg5 33. Ra7 Nf6 34. Nd2 Nh5 35. Kh2 Nf4 36. Ndf1 Kg7 37. Qd2 Qd8 38. Qe1 Rb8 39. Qa1 Qb6 40. Qa5 Qxa5 41. Rxa5 Kf8 42. Nd2 Ke7 43. Ra2 Rb6 44. Kg1 Ra6 45. Rxa6 Nxa6 46. Kf1 Kd8 47. b4 cxb3 48. Bxb3 Nc5 49. Bc2 Kc7 50. Nb1 Kb6 51. Kf2 Bc8 52. Ke1 Ba6 53. Kf2 Bc8 54. Ke1 Nb7 55. Nd2 Na5 56. Kf2 Bd7 57. Kf1 Nb7 58. Kf2 Nc5 59. Nb1 Na4 60. Kf1 Kc5 61. Kf2 Nh5 62. Ke1 Ng3 63. Kd2 f5 64. Bd3 Kb6 65. Nd1 fxe4 66. fxe4 Nc5 67. Ke3 Nxd3 68. Kxd3 Nxe4 69. Kxe4 Bf5+ 70. Kf3 Bxb1 71. Kg4 Be4 72. Ne3 Kc5 73. Kxh4 Bxd5 74. Kg5 Be4 75. Kf6 b4 76. cxb4+ Kd4 77. Ng4 Bxg2 78. h4 e4 79. Kxg6 e3 80. Nxe3 Kxe3 81. h5 Kd4 82. h6 Ke5 83. b5 d5 84. b6 Be4+ 85. Kg5 Kd6 86. Kf4 Bh7 87. b7 Kc7 88. Ke5 Bg8 89. h7 Bxh7 90. Kxd5 Kxb7 1/2-1/2

[Event "CRO-chT1A 28th"]
[Site "Mali Losinj"]
[Date "2019.10.03"]
[Round "6.24"]
[White "Kozul, Zdenko"]
[Black "Zivkovic, Vjekoslav"]
[Result "1-0"]
[WhiteElo "2569"]
[BlackElo "2362"]
[PlyCount "63"]
[EventDate "2019.09.28"]
[EventType "team-tourn"]
[EventRounds "9"]
[EventCountry "CRO"]
[SourceTitle "EXT 2020"]
[Source "ChessBase"]
[SourceDate "2019.10.17"]
[SourceVersion "1"]
[SourceVersionDate "2019.10.17"]
[SourceQuality "1"]
[WhiteTeam "Zagreb Zagreb"]
[BlackTeam "Osijek Ferit"]
[WhiteTeamCountry "CRO"]
[BlackTeamCountry "CRO"]

1. d4 d5 2. c4 e6 3. Nf3 Nf6 4. Nc3 a6 5. e3 Be7 6. b3 0-0 7. Bb2 b6 8. cxd5 exd5 9. Bd3 Bb7 10. 0-0 Nbd7 11. Ne5 Bd6 12. f4 Ne4 13. a4 Ndf6 14. f5 c5 15. Nxe4 dxe4 16. Bc4 Qe7 17. Ng4 Rad8 18. Qe2 Kh8 19. Nxf6 gxf6 20. Qh5 b5 21. axb5 axb5 22. Bxb5 cxd4 23. Bxd4 Bc5 24. Bxc5 Qxc5 25. Qh6 Qb6 26. Bc4 Rg8 27. Bxf7 Rg7 28. Be6 Rd2 29. Rf2 Rxf2 30. Kxf2 Qd6 31. Ra2 Qf8 32. Rd2 1-0

[Event "CRO-chT1A 27th"]
[Site "Biograd"]
[Date "2018.09.14"]
[Round "7.43"]
[White "Biti, Ozren"]
[Black "Zivkovic, Vjekoslav"]
[Result "1/2-1/2"]
[WhiteElo "2366"]
[BlackElo "2358"]
[PlyCount "21"]
[EventDate "2018.09.08"]
[EventType "team-tourn"]
[EventRounds "9"]
[EventCountry "CRO"]
[SourceTitle "CBM 186 Extra"]
[Source "ChessBase"]
[SourceDate "2018.08.24"]
[SourceVersion "1"]
[SourceVersionDate "2018.08.24"]
[SourceQuality "1"]
[WhiteTeam "Dakovo"]
[BlackTeam "Osijek Ferit"]
[WhiteTeamCountry "CRO"]
[BlackTeamCountry "CRO"]

1. e4 c5 2. Nf3 d6 3. Bb5+ Bd7 4. Bxd7+ Qxd7 5. 0-0 Nf6 6. Nc3 Nc6 7. d4 cxd4 8. Nxd4 e6 9. Re1 Be7 10. h3 0-0 11. Be3 1/2-1/2

[Event "CRO-chT1A 27th"]
[Site "Biograd"]
[Date "2018.09.11"]
[Round "4.43"]
[White "Zivkovic, Vjekoslav"]
[Black "Galic, Ivan"]
[Result "1/2-1/2"]
[WhiteElo "2358"]
[BlackElo "2416"]
[PlyCount "29"]
[EventDate "2018.09.08"]
[EventType "team-tourn"]
[EventRounds "9"]
[EventCountry "CRO"]
[SourceTitle "CBM 186 Extra"]
[Source "ChessBase"]
[SourceDate "2018.08.24"]
[SourceVersion "1"]
[SourceVersionDate "2018.08.24"]
[SourceQuality "1"]
[WhiteTeam "Osijek Ferit"]
[BlackTeam "Dubrovnik"]
[WhiteTeamCountry "CRO"]
[BlackTeamCountry "CRO"]

1. e4 c5 2. Nf3 Nc6 3. c4 e6 4. Nc3 Nge7 5. d4 cxd4 6. Nxd4 Nxd4 7. Qxd4 Nc6 8. Qe3 b6 9. Qg3 Nb4 10. Nb5 Nc2+ 11. Kd1 Nxa1 12. Nc7+ Ke7 13. Nd5+ Ke8 14. Nc7+ Ke7 15. Nd5+ 1/2-1/2

[Event "CRO-chT1A 26th"]
[Site "Mali Losinj"]
[Date "2017.10.03"]
[Round "6.24"]
[White "Kozul, Zdenko"]
[Black "Zivkovic, Vjekoslav"]
[Result "1/2-1/2"]
[WhiteElo "2596"]
[BlackElo "2358"]
[PlyCount "64"]
[EventDate "2017.09.28"]
[EventType "team-tourn"]
[EventRounds "9"]
[EventCountry "CRO"]
[SourceTitle "EXT 2018"]
[Source "ChessBase"]
[SourceDate "2017.10.13"]
[SourceVersion "1"]
[SourceVersionDate "2017.10.13"]
[SourceQuality "1"]
[WhiteTeam "Zagreb"]
[BlackTeam "Osijek Ferit"]
[WhiteTeamCountry "CRO"]
[BlackTeamCountry "CRO"]

1. d4 d5 2. c4 c6 3. e3 Nf6 4. Nf3 g6 5. Nc3 Bg7 6. Be2 0-0 7. 0-0 b6 8. b3 Bb7 9. a4 c5 10. Ba3 cxd4 11. exd4 dxc4 12. Bxc4 Nc6 13. Re1 a5 14. Nb5 Rc8 15. Ne5 Nb4 16. Bxb4 axb4 17. Qd2 Nd5 18. Rad1 e6 19. Rc1 Qe7 20. h3 h5 21. Bd3 Rxc1 22. Qxc1 Rc8 23. Nc4 Rd8 24. Be4 Nc3 25. Nxc3 bxc3 26. Bxb7 Qxb7 27. Qxc3 Bxd4 28. Qc2 Qd5 29. Kf1 b5 30. axb5 Qxb5 31. Rd1 Rd5 32. h4 Kg7 1/2-1/2

[Event "CRO-chT1A 26th"]
[Site "Mali Losinj"]
[Date "2017.09.30"]
[Round "3.34"]
[White "Zivkovic, Vjekoslav"]
[Black "Djurovic, Goran"]
[Result "1/2-1/2"]
[WhiteElo "2358"]
[BlackElo "2387"]
[PlyCount "29"]
[EventDate "2017.09.28"]
[EventType "team-tourn"]
[EventRounds "9"]
[EventCountry "CRO"]
[SourceTitle "EXT 2018"]
[Source "ChessBase"]
[SourceDate "2017.10.13"]
[SourceVersion "1"]
[SourceVersionDate "2017.10.13"]
[SourceQuality "1"]
[WhiteTeam "Osijek Ferit"]
[BlackTeam "Sesvete Sljeme"]
[WhiteTeamCountry "CRO"]
[BlackTeamCountry "CRO"]

1. e4 c5 2. Nf3 d6 3. d4 cxd4 4. Qxd4 a6 5. c4 Nc6 6. Qe3 g6 7. Be2 Bh6 8. Qc3 Qa5 9. Bxh6 Nxh6 10. h3 e5 11. 0-0 Qxc3 12. Nxc3 Be6 13. Rfd1 Ke7 14. Rac1 Rhd8 15. Nd5+ 1/2-1/2

[Event "CRO-chT1A 26th"]
[Site "Mali Losinj"]
[Date "2017.09.28"]
[Round "1.24"]
[White "Zivkovic, Vjekoslav"]
[Black "Ostovic, Matija"]
[Result "1/2-1/2"]
[WhiteElo "2358"]
[BlackElo "2334"]
[PlyCount "29"]
[EventDate "2017.09.28"]
[EventType "team-tourn"]
[EventRounds "9"]
[EventCountry "CRO"]
[SourceTitle "EXT 2018"]
[Source "ChessBase"]
[SourceDate "2017.10.13"]
[SourceVersion "1"]
[SourceVersionDate "2017.10.13"]
[SourceQuality "1"]
[WhiteTeam "Osijek Ferit"]
[BlackTeam "Koprivnica Podravka"]
[WhiteTeamCountry "CRO"]
[BlackTeamCountry "CRO"]

1. e4 c5 2. Nf3 e6 3. g3 d5 4. exd5 exd5 5. Bg2 Nf6 6. 0-0 Be7 7. d4 0-0 8. dxc5 Bxc5 9. Nc3 Nc6 10. Na4 Be7 11. Be3 Ne4 12. Nd4 Qa5 13. c4 Rd8 14. cxd5 Qxd5 15. Nc3 1/2-1/2

[Event "CRO-chT1A 25th"]
[Site "Sibenik"]
[Date "2016.10.09"]
[Round "2.2"]
[White "Doric, Darko"]
[Black "Zivkovic, Vjekoslav"]
[Result "1-0"]
[WhiteElo "2481"]
[BlackElo "2366"]
[PlyCount "81"]
[EventDate "2016.10.08"]
[EventType "team-tourn"]
[EventRounds "9"]
[EventCountry "CRO"]
[SourceTitle "EXT 2017"]
[Source "ChessBase"]
[SourceDate "2016.10.25"]
[SourceVersion "1"]
[SourceVersionDate "2016.10.25"]
[SourceQuality "1"]
[WhiteTeam "Split Brda"]
[BlackTeam "Osijek"]
[WhiteTeamCountry "CRO"]
[BlackTeamCountry "CRO"]

1. d4 Nf6 2. c3 e6 3. Bg5 c5 4. e3 b6 5. Nd2 Bb7 6. Ngf3 Be7 7. Bd3 0-0 8. Qe2 d5 9. 0-0 Ne4 10. Bxe7 Qxe7 11. a4 Nxd2 12. Qxd2 Nc6 13. Qe2 Rad8 14. Rfd1 g6 15. h3 Qc7 16. Ra3 Rfe8 17. Bb5 Re7 18. Bxc6 Bxc6 19. a5 f6 20. axb6 axb6 21. Rda1 Rde8 22. Ra6 Bb7 23. Ra7 Qc6 24. Qc2 e5 25. Qb3 exd4 26. cxd4 Kg7 27. Qa3 Rc7 28. Rc1 c4 29. Qb4 Ra8 30. Rca1 Rxa7 31. Rxa7 Bc8 32. Ra3 g5 33. Nd2 Bf5 34. Ra6 Rb7 35. Ra8 Qe6 36. Qf8+ Kg6 37. Nf1 Qe7 38. Qg8+ Kh6 39. Qxd5 Be4 40. Qg8 b5 41. Re8 1-0

[Event "CRO-chT1A 25th"]
[Site "Sibenik"]
[Date "2016.10.08"]
[Round "1.4"]
[White "Zivkovic, Vjekoslav"]
[Black "Palac, Mladen"]
[Result "1/2-1/2"]
[WhiteElo "2366"]
[BlackElo "2618"]
[PlyCount "180"]
[EventDate "2016.10.08"]
[EventType "team-tourn"]
[EventRounds "9"]
[EventCountry "CRO"]
[SourceTitle "EXT 2017"]
[Source "ChessBase"]
[SourceDate "2016.10.25"]
[SourceVersion "1"]
[SourceVersionDate "2016.10.25"]
[SourceQuality "1"]
[WhiteTeam "Osijek"]
[BlackTeam "Zagreb Zagreb"]
[WhiteTeamCountry "CRO"]
[BlackTeamCountry "CRO"]

1. e4 c5 2. Nf3 d6 3. Bb5+ Nd7 4. 0-0 a6 5. Bd3 Ngf6 6. c3 b5 7. Bc2 Bb7 8. Re1 c4 9. b3 e6 10. bxc4 bxc4 11. Na3 Rc8 12. Rb1 Ba8 13. d3 cxd3 14. Bxd3 Nc5 15. Bxa6 Nxa6 16. Qa4+ Qd7 17. Qxa6 Bxe4 18. Rb4 Ra8 19. Qe2 Bxf3 20. gxf3 d5 21. Rb3 Be7 22. c4 0-0 23. cxd5 Nxd5 24. Nc4 Qa4 25. Nb6 Nxb6 26. Rxb6 Qxa2 27. Qxa2 Rxa2 28. Be3 h6 29. Reb1 Kh7 30. Rb8 Rxb8 31. Rxb8 Kg6 32. Rb7 Bh4 33. Ra7 Rc2 34. Ra4 Bg5 35. Bxg5 Kxg5 36. Rg4+ Kf6 37. Rf4+ Ke7 38. Ra4 Rc5 39. Kg2 Rg5+ 40. Kf1 Kf6 41. Rb4 Rf5 42. Kg2 Ke5 43. Re4+ Kd5 44. Ra4 e5 45. Ra5+ Ke6 46. Ra6+ Ke7 47. Rb6 Rf6 48. Rb5 Ke6 49. Rb7 Kf5 50. Ra7 Kg5 51. Ra4 Rf4 52. Ra5 Rf5 53. Ra4 Kh5 54. Rb4 Rg5+ 55. Kh1 Kg6 56. Ra4 Kf5 57. h3 Ke6 58. Kh2 Kd5 59. Ra7 f6 60. Ra4 Rg6 61. Rb4 f5 62. Ra4 Rc6 63. Kg2 Rg6+ 64. Kf1 Rc6 65. Ra7 g6 66. Ra4 Ke6 67. Kg2 Kf6 68. Rb4 Kg5 69. Ra4 Re6 70. Kg3 Re7 71. Rb4 e4 72. fxe4 Rxe4 73. Rb6 Ra4 74. Kg2 Ra3 75. Rb4 f4 76. Rc4 Ra6 77. Rb4 Rf6 78. Ra4 Kh4 79. Rb4 g5 80. Ra4 h5 81. Ra3 f3+ 82. Kh2 Rf4 83. Rb3 Rf6 84. Ra3 g4 85. hxg4 hxg4 86. Ra8 Rh6 87. Rg8 Rh7 88. Rg6 Rb7 89. Rg8 Rb1 90. Rxg4+ Kxg4 1/2-1/2

[Event "CRO-chT1A 24th"]
[Site "Bol"]
[Date "2015.10.08"]
[Round "6.24"]
[White "Matanovic, Luka"]
[Black "Zivkovic, Vjekoslav"]
[Result "0-1"]
[WhiteElo "2174"]
[BlackElo "2355"]
[PlyCount "176"]
[EventDate "2015.10.03"]
[EventType "team-tourn"]
[EventRounds "9"]
[EventCountry "CRO"]
[SourceTitle "CBM 168 Extra"]
[Source "ChessBase"]
[SourceDate "2015.10.29"]
[SourceVersion "1"]
[SourceVersionDate "2015.10.29"]
[SourceQuality "1"]
[WhiteTeam "Slavonski Brod Djakovic"]
[BlackTeam "Osijek EFT"]
[WhiteTeamCountry "CRO"]
[BlackTeamCountry "CRO"]

1. e4 c5 2. Nf3 e6 3. g3 Nc6 4. Bg2 Nf6 5. Qe2 e5 6. 0-0 Be7 7. b3 0-0 8. Bb2 d6 9. c3 Bg4 10. h3 Bh5 11. Na3 Re8 12. Nc2 Bf8 13. d3 d5 14. Rfd1 d4 15. c4 a6 16. g4 Bg6 17. Nh4 Nd7 18. Nf5 f6 19. Rdb1 Bf7 20. Bc1 Qc7 21. a3 Nd8 22. b4 b6 23. h4 Ne6 24. Qf3 Rab8 25. b5 a5 26. Ne1 Nf4 27. Bf1 g6 28. Ng3 Bd6 29. Ng2 Nf8 30. Ne2 N8e6 31. Bd2 Rf8 32. Ngxf4 exf4 33. Bh3 Rbe8 34. Kh1 g5 35. Rg1 Re7 36. Rg2 Be8 37. a4 Rg7 38. h5 Bd7 39. Ng1 Bc8 40. Re1 Nd8 41. Qe2 Nf7 42. Nf3 Re8 43. Qd1 Nh6 44. Nh2 Rge7 45. Nf3 Kh8 46. Kg1 Bd7 47. Kh1 Qc8 48. Nh2 Rg8 49. Kg1 Be8 50. e5 Bxe5 51. Qf3 Qc7 52. Kf1 Bd7 53. Rg1 Rge8 54. Ke2 Bc8 55. Bg2 Qb8 56. Kd1 Bb7 57. Qe2 f3 58. Nxf3 Bh2 59. Qf1 Rxe1+ 60. Nxe1 Bxg1 61. Qxg1 Bxg2 62. Qxg2 Qc8 63. f3 Qe6 64. Kc2 Nf7 65. f4 gxf4 66. Qb7 Kg8 67. Qc7 Qd6 68. Qb7 Rb8 69. Qe4 Qe5 70. Qc6 Qd6 71. Qe4 Ng5 72. Qf5 Re8 73. Bxf4 Qe6 74. Qxe6+ Rxe6 75. Kd2 Kf7 76. Ng2 Nf3+ 77. Kd1 Ne5 78. Bxe5 Rxe5 79. Nf4 Ke7 80. Kd2 Kd6 81. Nh3 Re3 82. Nf4 Re5 83. Nh3 Kc7 84. h6 Kd7 85. Nf4 Kd6 86. Nh3 Ke7 87. Nf4 Kf7 88. Kd1 Rg5 0-1

[Event "CRO-chT1A 24th"]
[Site "Bol"]
[Date "2015.10.07"]
[Round "5.44"]
[White "Zivkovic, Vjekoslav"]
[Black "Cebalo, Miso"]
[Result "1/2-1/2"]
[WhiteElo "2355"]
[BlackElo "2409"]
[PlyCount "47"]
[EventDate "2015.10.03"]
[EventType "team-tourn"]
[EventRounds "9"]
[EventCountry "CRO"]
[SourceTitle "CBM 168 Extra"]
[Source "ChessBase"]
[SourceDate "2015.10.29"]
[SourceVersion "1"]
[SourceVersionDate "2015.10.29"]
[SourceQuality "1"]
[WhiteTeam "Osijek EFT"]
[BlackTeam "Pozega"]
[WhiteTeamCountry "CRO"]
[BlackTeamCountry "CRO"]

1. e4 c5 2. Nf3 d6 3. Bb5+ Nd7 4. d4 Ngf6 5. Nc3 cxd4 6. Qxd4 e5 7. Qd3 h6 8. Be3 a6 9. Bc4 Be7 10. a4 Qc7 11. 0-0 Nc5 12. Bxc5 Qxc5 13. Nd5 Nxd5 14. Qxd5 Qxd5 15. Bxd5 Rb8 16. Rfd1 0-0 17. Nd2 Kh7 18. Nc4 f5 19. Nb6 fxe4 20. Bxe4+ Kg8 21. Bd5+ Kh7 22. Be4+ Kg8 23. Bd5+ Kh7 24. Be4+ 1/2-1/2

[Event "CRO-chT1A 24th"]
[Site "Bol"]
[Date "2015.10.05"]
[Round "3.34"]
[White "Zivkovic, Vjekoslav"]
[Black "Kurajica, Bojan"]
[Result "1/2-1/2"]
[WhiteElo "2355"]
[BlackElo "2527"]
[PlyCount "61"]
[EventDate "2015.10.03"]
[EventType "team-tourn"]
[EventRounds "9"]
[EventCountry "CRO"]
[SourceTitle "CBM 168 Extra"]
[Source "ChessBase"]
[SourceDate "2015.10.29"]
[SourceVersion "1"]
[SourceVersionDate "2015.10.29"]
[SourceQuality "1"]
[WhiteTeam "Osijek EFT"]
[BlackTeam "Solin Cemex"]
[WhiteTeamCountry "CRO"]
[BlackTeamCountry "CRO"]

1. e4 c5 2. Nf3 Nc6 3. Nc3 Qb6 4. Bb5 e6 5. Bxc6 bxc6 6. 0-0 d5 7. d3 Nf6 8. b3 Qc7 9. Re1 d4 10. Na4 e5 11. Ba3 Nd7 12. c3 Bd6 13. Rc1 Ba6 14. cxd4 cxd4 15. Bxd6 Qxd6 16. Qc2 Bb5 17. Nb2 c5 18. Nc4 Qe7 19. Qd2 0-0 20. Qa5 Rfb8 21. Rc2 Rb7 22. Rec1 h6 23. h3 Kh7 24. Nb2 Rab8 25. Nc4 Qe6 26. Qe1 Rc7 27. Qa5 Rc6 28. Qe1 Qe7 29. Qe2 Rg6 30. Kh2 Qf6 31. g3 1/2-1/2

[Event "Bosnjaci op 20th"]
[Site "Bosnjaci"]
[Date "2015.01.09"]
[Round "9"]
[White "Zivkovic, Vjekoslav"]
[Black "Dizdarevic, Emir"]
[Result "0-1"]
[WhiteElo "2358"]
[BlackElo "2537"]
[PlyCount "68"]
[EventDate "2015.01.03"]
[EventType "swiss"]
[EventRounds "9"]
[EventCountry "CRO"]
[SourceTitle "CBM 164 Extra"]
[Source "ChessBase"]
[SourceDate "2015.03.02"]
[SourceVersion "1"]
[SourceVersionDate "2015.03.02"]
[SourceQuality "1"]

1. e4 c6 2. Ne2 d5 3. e5 c5 4. f4 Nc6 5. d3 Nh6 6. g3 Bg4 7. Bg2 Nf5 8. c3 e6 9. 0-0 h5 10. Bf3 Bxf3 11. Rxf3 Be7 12. Nd2 Qc7 13. Nf1 f6 14. exf6 Bxf6 15. Ne3 0-0-0 16. Nxf5 exf5 17. Be3 d4 18. Bf2 h4 19. c4 hxg3 20. Nxg3 g6 21. Be1 Rde8 22. Nf1 Be7 23. Bg3 Bd6 24. b3 Nd8 25. Qd2 Ne6 26. Re1 Ng7 27. Rxe8+ Rxe8 28. Qf2 Nh5 29. Qd2 Re6 30. Rf2 Qe7 31. Qa5 b6 32. Qd2 Re1 33. Kg2 Re3 34. a4 Bxf4 0-1

[Event "Bosnjaci op 20th"]
[Site "Bosnjaci"]
[Date "2015.01.06"]
[Round "6"]
[White "Nemec, Vjekoslav"]
[Black "Zivkovic, Vjekoslav"]
[Result "0-1"]
[WhiteElo "2163"]
[BlackElo "2358"]
[PlyCount "68"]
[EventDate "2015.01.03"]
[EventType "swiss"]
[EventRounds "9"]
[EventCountry "CRO"]
[SourceTitle "CBM 164 Extra"]
[Source "ChessBase"]
[SourceDate "2015.03.02"]
[SourceVersion "1"]
[SourceVersionDate "2015.03.02"]
[SourceQuality "1"]

1. c4 g6 2. Nc3 Bg7 3. Nf3 Nf6 4. g3 c6 5. Bg2 0-0 6. 0-0 d6 7. d3 a6 8. Qc2 b5 9. b3 Bb7 10. Bb2 Nbd7 11. e3 b4 12. Ne2 c5 13. d4 e6 14. Rfd1 Qb6 15. Nf4 Be4 16. Qe2 Qc6 17. Rac1 Rfe8 18. d5 exd5 19. cxd5 Qb5 20. Qd2 Qb7 21. h4 Nb6 22. Bxf6 Bxf6 23. Ng5 Bxg2 24. Kxg2 Qe7 25. Ngh3 a5 26. Rc2 a4 27. bxa4 Nxa4 28. Ne2 Qe4+ 29. Kg1 Nb6 30. Nhf4 Ra3 31. Rb1 Rea8 32. Nc1 Nc4 33. Qe2 Ne5 34. Rb3 Nf3+ 0-1

[Event "Bosnjaci op 19th"]
[Site "Bosnjaci"]
[Date "2014.01.05"]
[Round "4"]
[White "Leventic, Ivan"]
[Black "Zivkovic, Vjekoslav"]
[Result "1/2-1/2"]
[WhiteElo "2457"]
[BlackElo "2365"]
[PlyCount "29"]
[EventDate "2014.01.03"]
[EventType "swiss"]
[EventRounds "9"]
[EventCountry "CRO"]
[SourceTitle "CBM 158 Extra"]
[Source "ChessBase"]
[SourceDate "2014.02.28"]
[SourceVersion "1"]
[SourceVersionDate "2014.02.28"]
[SourceQuality "1"]

1. e4 c5 2. Nf3 d6 3. Bb5+ Bd7 4. c4 Nf6 5. Nc3 g6 6. d4 cxd4 7. Nxd4 Bg7 8. 0-0 0-0 9. Re1 a6 10. Bxd7 Nfxd7 11. b3 Nc6 12. Be3 Re8 13. Qd2 Qa5 14. Rad1 Rac8 15. Nce2 1/2-1/2